| 000 | 00512nam a22001937a 4500 | ||
|---|---|---|---|
| 003 | MPLRDC | ||
| 005 | 20220104143433.0 | ||
| 008 | 210129b ||||| |||| 00| 0 eng d | ||
| 020 | _a978-957-803-755-7 | ||
| 082 | _a178.3 JOH-5 | ||
| 100 | _aSPENCER JOHNSON | ||
| 245 |
_a峰与谷 _c谢家真 译 |
||
| 250 | _a初版 | ||
| 260 |
_a台湾 _b平安文化有限公司 _c2009 |
||
| 300 | _b143 | ||
| 490 | _a平安丛书: 第344种 UPWARD: 26 | ||
| 650 | _a心理诊断及辅导 | ||
| 942 |
_cBK _o178.3 JOH-5 |
||
| 999 |
_c39891 _d39881 |
||